[Event "Chigorin Memorial 31st"]
[Site "St Petersburg"]
[Date "2024.10.30"]
[Round "5"]
[White "Bogdan, David"]
[Black "Ryaboklyach, Artem Nik"]
[Result "1-0"]
[WhiteElo "1846"]
[BlackElo "1667"]
[PlyCount "135"]
[EventDate "2024.10.26"]
[EventType "swiss"]
[EventRounds "9"]
[EventCountry "RUS"]
[SourceTitle "CB45_2024"]
[Source "ChessBase"]
[SourceDate "2024.11.06"]
[SourceVersion "1"]
[SourceVersionDate "2024.11.06"]
[SourceQuality "1"]

1. e4 c5 2. Nf3 d6 3. d4 cxd4 4. Nxd4 Nf6 5. Nc3 g6 6. Be3 Bg7 7. f3 0-0 8. Qd2 Nc6 9. 0-0-0 d5 10. exd5 Nxd5 11. Nxc6 bxc6 12. Bd4 Nxc3 13. Qxc3 Bh6+ 14. Be3 Bxe3+ 15. Qxe3 Qa5 16. Bc4 Ba6 17. Bxa6 Qxa6 18. Kb1 e6 19. h4 h5 20. g4 Qa5 21. gxh5 Qxh5 22. Rdg1 Rab8 23. Rg5 Qh8 24. b3 Rfd8 25. h5 Qd4 26. Qxd4 Rxd4 27. hxg6 f6 28. Rc5 Kg7 29. Rxc6 Kxg6 30. Rxe6 a5 31. Kb2 a4 32. Re4 Rd2 33. Rxa4 Rc8 34. Rg4+ Kf5 35. Rh5+ Ke6 36. Rc4 Rxc4 37. bxc4 Rf2 38. a4 Rxf3 39. a5 Rg3 40. a6 Rg7 41. Kb3 Ra7 42. Ra5 Kd6 43. Kb4 Kc6 44. Rf5 Rf7 45. Ka5 Rf8 46. Rb5 Ra8 47. Rb6+ Kc7 48. Rxf6 Rh8 49. Kb5 Rh1 50. Rf7+ Kb8 51. c5 Rb1+ 52. Kc6 Rh1 53. Rg7 Rf1 54. c4 Rh1 55. Rb7+ Ka8 56. Rb6 Ka7 57. Rb4 Rh8 58. Kb5 Rb8+ 59. Ka5 Rc8 60. Rb7+ Ka8 61. Rd7 Rxc5+ 62. Kb6 Rc8 63. c5 Rb8+ 64. Rb7 Rc8 65. Ra7+ Kb8 66. Re7 Ka8 67. c6 Rb8+ 68. Rb7 1-0

[Event "Chigorin Memorial 31st"]
[Site "St Petersburg"]
[Date "2024.10.27"]
[Round "2"]
[White "Ryaboklyach, Artem Nik"]
[Black "Mulishov, Roman"]
[Result "1-0"]
[WhiteElo "1667"]
[BlackElo "1864"]
[PlyCount "85"]
[EventDate "2024.10.26"]
[EventType "swiss"]
[EventRounds "9"]
[EventCountry "RUS"]
[SourceTitle "CB45_2024"]
[Source "ChessBase"]
[SourceDate "2024.11.06"]
[SourceVersion "1"]
[SourceVersionDate "2024.11.06"]
[SourceQuality "1"]

1. d4 d5 2. c4 c6 3. Nf3 Nf6 4. Nc3 dxc4 5. a4 Na6 6. e4 Bg4 7. Be2 e6 8. 0-0 Nb4 9. Be3 Be7 10. Bxc4 0-0 11. h3 Bh5 12. g4 Bg6 13. Nd2 c5 14. dxc5 e5 15. Qb3 a5 16. Nd5 Nxe4 17. Nxe4 Bxe4 18. Nxb4 axb4 19. Rfd1 Qc7 20. Bd5 Bxd5 21. Rxd5 Qc6 22. Rad1 Bf6 23. Qxb4 Rxa4 24. Qb6 Ra1 25. Qxc6 Rxd1+ 26. Rxd1 bxc6 27. g5 Rd8 28. Ra1 Be7 29. Ra7 Bf8 30. Rc7 Rb8 31. Rxc6 Rxb2 32. Rc8 g6 33. c6 Rc2 34. f4 e4 35. Bd4 f6 36. gxf6 Kf7 37. c7 Bd6 38. Be5 Bc5+ 39. Kf1 e3 40. Rb8 Rc1+ 41. Ke2 Rc2+ 42. Kd3 Bb4 43. c8Q 1-0

[Event "St Petersburg Korchnoi Memorial op"]
[Site "St Petersburg"]
[Date "2024.08.22"]
[Round "9"]
[White "Ryaboklyach, Artem Nik"]
[Black "Palamar, Stefan"]
[Result "1/2-1/2"]
[WhiteElo "1548"]
[BlackElo "1830"]
[PlyCount "93"]
[EventDate "2024.08.17"]
[EventType "swiss"]
[EventRounds "9"]
[EventCountry "RUS"]
[SourceTitle "EXT 2025"]
[Source "ChessBase"]
[SourceDate "2024.10.14"]
[SourceVersion "1"]
[SourceVersionDate "2024.10.14"]
[SourceQuality "1"]

1. d4 Nf6 2. c4 e6 3. Nc3 Bb4 4. Qc2 0-0 5. e4 d5 6. e5 Ne4 7. Bd3 c5 8. Nf3 cxd4 9. Nxd4 Nd7 10. Bf4 Qb6 11. Nf3 f5 12. cxd5 exd5 13. 0-0 Bxc3 14. bxc3 Ndc5 15. Nd4 Ne6 16. Nxe6 Bxe6 17. Be3 Qc7 18. Bd4 Rac8 19. Rac1 g6 20. f4 Qa5 21. Bxe4 dxe4 22. Qf2 b6 23. Rfe1 Qa3 24. Rb1 Rf7 25. Re2 Rb7 26. Rbb2 Rc4 27. h3 Ra4 28. Kh2 Qe7 29. Red2 Bc4 30. Qe3 Qe6 31. Qf2 Bd3 32. Qe3 Qc4 33. g4 Rf7 34. e6 Rf8 35. e7 Re8 36. gxf5 Rxe7 37. fxg6 hxg6 38. Rg2 Kf7 39. Rbf2 Ra5 40. f5 Qc7+ 41. Kg1 gxf5 42. Qg5 Ke6 43. Qf6+ Kd7 44. Rxf5 Rxf5 45. Qxf5+ Kc6 46. Qf6+ Kb7 47. Qxe7 1/2-1/2

[Event "St Petersburg Korchnoi Memorial op"]
[Site "St Petersburg"]
[Date "2024.08.18"]
[Round "4"]
[White "Klinkov, Evgeny"]
[Black "Ryaboklyach, Artem Nik"]
[Result "1/2-1/2"]
[WhiteElo "1796"]
[BlackElo "1548"]
[PlyCount "102"]
[EventDate "2024.08.17"]
[EventType "swiss"]
[EventRounds "9"]
[EventCountry "RUS"]
[SourceTitle "CBM 221 Extra"]
[Source "ChessBase"]
[SourceDate "2024.09.30"]
[SourceVersion "1"]
[SourceVersionDate "2024.09.30"]
[SourceQuality "1"]

1. d4 Nf6 2. c4 e6 3. Nc3 d5 4. Nf3 Be7 5. Bf4 c6 6. e3 0-0 7. h3 Nbd7 8. cxd5 exd5 9. Bd3 Re8 10. 0-0 Nf8 11. Qc2 Ng6 12. Bh2 Bd6 13. Bxd6 Qxd6 14. Rab1 Bd7 15. b4 Rac8 16. Rfc1 Qe7 17. a4 Ne4 18. Qa2 Nh4 19. Nxh4 Qxh4 20. Nxe4 dxe4 21. Bf1 Re6 22. b5 Rg6 23. bxc6 bxc6 24. Rb7 Be6 25. Qe2 Bxh3 26. f3 Be6 27. Qf2 Qh5 28. Rc5 Bd5 29. f4 Rh6 30. Qc2 Qh2+ 31. Kf2 Rf8 32. Ke1 Rf6 33. Qf2 Rg6 34. a5 Ra8 35. a6 h5 36. Rc1 h4 37. Rcb1 Rf6 38. Re7 g5 39. Re5 gxf4 40. Rg5+ Rg6 41. Rxg6+ fxg6 42. Qxf4 Qxf4 43. exf4 Rf8 44. Rb7 Rf7 45. Be2 Kg7 46. Kd2 Kf6 47. Ke3 Kf5 48. Rb8 Rh7 49. Rf8+ Rf7 50. Re8 Rh7 51. Rf8+ Rf7 1/2-1/2